zpět

Detail výsledku týmu

A-Sport, Hradec Králové

Datum a čas kvízu

39 Celkem bodů Celkový počet nahraných bodů na tomto kvízu bez doplňovacích otázek.
6. Pořadí na kvízu Konečné umístění týmu na tomto kvízu.

Zaznamenané odpovědi

# Otázka Odpověď Body Výsledky
1. Minulý týden byl jistý 37letý... Mikuláš Ferjenčík, Jiří Strach 1
2. Parlament jednoho evropského s... Německo 1
3. Ve čtvrtek 6. června si na půd... D) sklářství 1
4. Italská společnost, která je t... Ferrero, Nutella 0.5
5. Fotbalové EURO se blíží. Hrají... Island 1
6. Dostanete vždy pět indicií, kt... Anna Kareninová/Karenina 1
7. Irsko – strom – Estragon – Nob... Čekání na Godota 1
8. Nashville – Felis – žár – Puli... Kočka na rozpálené plechové střeše 1
9. Roman – okupace – Tibet – Lakm... Spalovač mrtvol 1
10. Karviná – kronika – sv. Petr... Šikmý kostel 1